书目信息 |
| 题名: |
全新版大学英语学习指南
|
|
| 作者: | 李正中 总主编 ;张干周 , 郭社森 册主编 | |
| 分册: | 1 | |
| 出版信息: | 杭州 浙江大学出版社 2003.8 |
|
| 页数: | 200页 | |
| 开本: | 23cm | |
| 丛书名: | ||
| 单 册: | ||
| 中图分类: | H31 | |
| 科图分类: | ||
| 主题词: | 英语--ying yu--高等学校--教学参考资料 , 英语--ying yu | |
| 电子资源: | ||
| ISBN: | 7-308-03402-X | |
| 000 | 01068nam0 2200301 45 | |
| 001 | 012004088671 | |
| 005 | 20061115161329.39 | |
| 010 | @a7-308-03402-X@dCNY15.00 | |
| 100 | @a20040109d2003 em y0chiy0121 ea | |
| 101 | 0 | @achi@aeng |
| 102 | @aCN@b330000 | |
| 105 | @ay qz 000yy | |
| 200 | 1 | @a全新版大学英语学习指南@Aquan xin ban da xue ying yu xue xi zhi nan@h1@f李正中总主编@g张干周册主编@g[郭社森 … 等编] |
| 210 | @a杭州@c浙江大学出版社@d2003.8 | |
| 215 | @a200页@d23cm | |
| 304 | @a本书编者为: 郭社森、徐晓黎、文运平等 | |
| 330 | @a本书内容包括: 重点词汇和短语、课文注释、补充练习、课文译文、英语统考真题、练习答案等。 | |
| 333 | @a读者对象: 高校师生 | |
| 510 | 1 | @aCollege English guide book@zeng |
| 540 | 1 | @a大学英语学习指南@Ada xue ying yu xue xi zhi nan |
| 606 | 0 | @a英语@Aying yu@x高等学校@j教学参考资料 |
| 606 | 0 | @a英语@Aying yu |
| 690 | @aH31@v4 | |
| 701 | 0 | @a李正中@Ali zheng zhong@4总主编 |
| 702 | 0 | @a张干周@Azhang gan zhou@4册主编 |
| 702 | 0 | @a郭社森@Aguo she sen@4编 |
| 801 | 0 | @aCN@c20061115 |
| 905 | @a10447@dH31@eL3302 | |
| 全新版大学英语学习指南.1/李正中总主编/张干周册主编/[郭社森 … 等编].-杭州:浙江大学出版社,2003.8 |
| 200页;23cm |
| 使用对象:读者对象: 高校师生 |
| ISBN 7-308-03402-X:CNY15.00 |
| 本书内容包括: 重点词汇和短语、课文注释、补充练习、课文译文、英语统考真题、练习答案等。 |
| ● |
| 相关链接 |
|
|
|
正题名:全新版大学英语学习指南
索取号:H31/L3302
 
预约/预借
| 序号 | 登录号 | 条形码 | 馆藏地/架位号 | 状态 | 备注 |
| 1 | 638511 | 206385115 | 语言库209/209语言库 83排4列1层/ [索取号:H31/L3302] | 在馆 | |
| 2 | 638512 | 206385124 | 社科二线400B/400B社科库 9排1列6层/ [索取号:H31/L3302] | 在馆 | |
| 3 | 638513 | 206385133 | 语言库209/209语言库 83排4列1层/ [索取号:H31/L3302] | 在馆 |